000 00824nam a2200217 i 4500
001 bg
100 1 _aKACHNIARZ, Tadeusz
245 1 0 _aRzeczywistość i problemy przestrzennego zagospodarowania gmin ;
_cInstytut Gospodarki Przestrzennej i Komunalnej.
260 _aWarszawa :
_bIGPiK,
_c1990.
300 _a127 s., [7] k. tabl. :
_bfot. ;
_c24 cm.
500 _aResortowy Program Badawczo-Rozwojowy 515 "Miejscowe planowanie przestrzenne" z. 1.
504 _aBibliogr. s. 125-127.
650 9 _aPlanowanie przestrzenne
_zPolska
_yod 1980 r.
650 9 _aGospodarka terenowa
_xbadanie
_zPolska
_yod 1980 r.
710 0 _aInstytut Gospodarki Przestrzennej i Komunalnej (Warszawa)
040 _cBPK
041 0 _apl
080 _a711.1:332.1](438)"1980/..."
942 _cKS
008 s pl f |000 0 pol
999 _c34154
_d34154
856 _uhttp://koha.tu.koszalin.pl/cgi-bin/koha/opac-detail.pl?biblionumber=34154
_yKatalog online BPK